The treason and trial of Sir John Perrot /

"The aim of this study is to investigate the condemnation and trial for high treason of the Elizabethan statesman and courtier Sir John Perrot. It is a compelling story with a rich cast of dubious characters and a splendid plot involving espionage, counterfeiting, double-dealing, lies and betra...

Full description

Saved in:
Bibliographic Details
Main Author: Turvey, Roger.
Format: Book
Language:English
Published: Cardiff : University of Wales Press, 2005.
Subjects:
Tags: Add Tag
No Tags, Be the first to tag this record!
LEADER 03649cam a2200445 a 4500
001 009707809-3
005 20090526135603.0
008 041216s2005 wlkc f b 001 0deng
010 |a  2005432769 
015 |a GBA523226  |2 bnb 
016 7 |a 013135879  |2 Uk 
020 |a 0708319122 (hbk.) 
020 |a 9780708319123 (hbk.) 
035 0 |a ocm58554854 
040 |a UKM  |c UKM  |d DLC  |d BAKER  |d BWKUK  |d YDXCP  |d BTCTA 
042 |a ukscp 
043 |a e-ie---  |a e-uk-wl 
050 0 0 |a DA937.5.P47  |b T87 2005 
082 0 4 |a 941.505092  |2 22 
100 1 |a Turvey, Roger. 
245 1 4 |a The treason and trial of Sir John Perrot /  |c Roger Turvey. 
260 |a Cardiff :  |b University of Wales Press,  |c 2005. 
300 |a xiv, 208 p. :  |b col. port. ;  |c 23 cm. 
504 |a Includes bibliographical references (p. [191]-198) and index. 
520 1 |a "The aim of this study is to investigate the condemnation and trial for high treason of the Elizabethan statesman and courtier Sir John Perrot. It is a compelling story with a rich cast of dubious characters and a splendid plot involving espionage, counterfeiting, double-dealing, lies and betrayal, together with the added spice of combative courtroom drama. This study will reveal how, and why, Perrot was framed for a crime he did not commit." 
520 8 |a "But who was Sir John Perrot? He was a man of remarkable personality - 'a tempestuous and choleric character of Shakespearian proportions' - whose varied career touched on sixteenth-century society at many points. He had attended the courts of three Tudor monarchs, served in the armies of two and had been handsomely rewarded for his royal service by the last and perhaps greatest of them, Elizabeth I. He had been appointed the First Lord President of Munster and was later made Lord Deputy of Ireland. His successful Irish service earned for him a seat on Elizabeth's Privy Council and thus a place among the Elizabethan elite. A powerful and forthright figure, Perrot was loathed by his adversaries but admired by friends and allies. 
520 8 |a However, his sometimes reckless behaviour, blunt manner and plain speaking often left both friends and family exasperated. His greatest failing was in giving vent to his anger and frustration by publicly criticizing the Queen, whose inconsistent policy decisions and lack of support for him in Ireland often left him in a rage. These publicly uttered indiscretions would later come back to haunt him. For these reasons alone, the activities of Perrot's public and private life deserve comprehensive study." 
520 8 |a "This book breaks new ground in that it offers a reassessment of Perrot's career and of his trial, and it contributes to existing research in the field of political affairs in late Elizabethan England and Ireland. It is hoped that this study will restore a great Elizabethan who hailed from Wales to his rightful place in history. The tale of Sir John Perrot's trial and treason will appeal to anyone interested in matters of secrecy, betrayal, loyalty and, ultimately, in miscarriages of justice."--Jacket. 
600 1 0 |a Perrot, John,  |c Sir,  |d approximately 1527-1592  |x Trials, litigation, etc. 
600 1 0 |a Perrot, John,  |c Sir,  |d approximately 1527-1592. 
650 0 |a Judicial error  |z Ireland  |x History  |y 16th century. 
650 0 |a Nobility  |z Wales  |v Biography. 
651 0 |a Ireland  |x History  |y 1558-1603. 
651 0 |a Great Britain  |x Court and courtiers  |v Biography. 
650 0 |a Judicial error  |z England  |x History  |y 16th century. 
655 7 |a Biography.  |2 fast 
655 7 |a History.  |2 fast 
655 7 |a Trials, litigation, etc.  |2 fast 
988 |a 20050707 
906 |0 OCLC